02250nam a2200241 a 4500003000400000005001700004008003400021020001800055040002400073082003000097100003700127245011200164260005900276300002400335490004300359500007100402500007000473505119400543651007901737651006601816651006601882710006001948OSt20220509082507.0121115s2018 dr ac 000 0 spa d a9789945613049 aBPMSU bspacBPMSU  a972.93052bN789o 20182221 aNolasco, Sócrates, d1884-198010aLa ocupación militar de Santo Domingo por Estados Unidos de América (1916-1924) /cSócrates Nolasco.  aSanto Domingo :bArchivo General de la Nación,c2018 a200 p. ;c23 cm.b 0 a Archivo General de la Nación, v333 aIncluye datos biográficos del autor en la solapa de la cubierta. aIncluye referencias bibliográficas y notas al pie de páginas.0 aPreámbulo 13 -- Oficio del secretario de Estado Dr. J. R. Ricourt 15 -- Introducción 17 -- Carta Núm. 1 del presidente Henríquez y Carvajal al Cónsul Dominicano en Puerto Rico 25 -- Remisión de las propuestas del Gobierno Dominicano 27 -- Escritos y declaraciones de divulgación. Las declaraciones del presidente Wilson y el caso de la República Dominicana 31 -- Los asuntos de Santo Domingo 37 -- Los Estados Unidos en sus relaciones con los pueblos débiles 43 -- El caso de la República Dominicana 49 -- Testimonio de gratitud 53 -- Entrevista del poeta E. Rivera Chevremont 55 -- Los Estados Unidos y el caso de Santo Domingo (informe anexo) 59 -- Una carta que nos honra 69 -- Comentarios a razones 73 -- La cuestión dominicana 81 -- Mr. Thomas Snowden censura 87 -- De la confianza a los hombres públicos 91 -- Nuevas declaraciones 97 -- Sto. Dgo. para nuevamente por las horas caudinas 103 -- Un nuevo plan (el llamado Plan Harding 107 -- Desocupación de Santo Domingo 109 -- Cartas del presidente Henríquez y comentarios 115 -- Catorce cartas del escritor don Tulio M. Cestero y comentario preliminar 133 -- Cartas varias 151 -- Índice onomástico 175 4aRepública DominicanaxHistoriayOcupación estadounidense, 1916-1924z  4aEstados UnidosxRelaciones exterioreszRepública Dominicana 4aRepública DominicanaxRelaciones exterioreszEstados Unidos2 aArchivo General de la Nación (República Dominicana)